| 000 | 01084cab a22002175a 4500 | ||
|---|---|---|---|
| 001 | L141987 | ||
| 008 | 080117s2007 xxkad f s 000 0 eng d | ||
| 035 | _a(Sirsi) u141987 | ||
| 041 | 0 | _aeng | |
| 100 | 1 | _aMoore, Martin | |
| 245 | 0 | 0 | _aManaging property assets sustainably |
| 260 | _c2007 | ||
| 490 | 0 |
_aProperty Forecast _vDecember 2007, 2-3(2) |
|
| 520 | _aReviews the challenges facing the property industry from an investment perspective in light of the increased need to consider sustainability issues. Reports on research and surveys which highlight the lack of hard evidence and the existence of a measurement void. Discusses carbon trading schemes and Energy Performance Certificates. Suggests the UK Government needs to adopt a single, comprehensive environmental rating system for all commercial property. | ||
| 590 | _aKA | ||
| 650 | 2 | 4 | _aENERGY PERFORMANCE CERTIFICATES |
| 651 | 4 |
_aUnited Kingdom _y |
|
| 690 | _aPROPERTY-COMMERCIAL PROPERTY-COMMERCIAL PROPERTY MARKET | ||
| 690 | _aPROPERTY-PROPERTY DEVELOPMENT-SUSTAINABLE PROPERTY DEVELOPMENT | ||
| 942 | _n0 | ||
| 999 |
_c79689 _d79689 |
||